000 00957 a2200289 4500
005 20250509161422.0
020 _a9780199075683
050 _aHV450.5
_bMBE 2015
100 _aMbedzi, Paul
_eeditor
245 _aIntroduction to Social Work in the South African context /
_cPaul Mbedzi, Lulama Qalinge, Peter Schultz, Johanna Sekudu, and Mimie Sesoko
264 _aCapeTown :
_bOxford University Press,
_c2015
300 _a218 pages :
_billustrations
336 _2rdacontent
_atext
_btxt
337 _2rdamedia
_aunmediated
_bn
338 _2rdacarrier
_avolume
_bnc
500 _aIncludes index
650 _aSocial service
650 _aSocial service
_xSouth Africa
650 _aSocial work
651 _aSouth Africa
700 _aSchenck, C. J.,
_eeditor
700 _aQualinge Lulama
_eeditor
700 _aSchults Peter
_eeditor
700 _aSekudu Johanna
_eeditor
700 _aSesoko Mimie
_eeditor
942 _2lcc
_cBK
_h450.5
_iSCH
_kHV
999 _c11158
_d11158